| 000 | 00760nam a2200217Ia 4500 | ||
|---|---|---|---|
| 003 | GCL | ||
| 008 | 140319s9999 xx 000 0 ara d | ||
| 040 |
_aGCL / _cGCL |
||
| 082 | 0 | 4 |
_a370.193 _bع س |
| 100 | 1 | _aعبدالله محمد عبدالرحمن | |
| 245 | 1 | 0 |
_aسوسيولوجيا التعليم الجامعى''دراسة فى علم الاجتماع التربوى'' / _cعبدالله محمد عبدالرحمن |
| 260 |
_a[S.N] : _bدار المعرفة الجامعية ، _c1991 |
||
| 300 | _a284 ص | ||
| 490 | _a | ||
| 650 | 0 | 4 | _aمصر |
| 650 | 0 | 4 | _aالتعليم |
| 650 | 0 | 4 | _aالاجتماع التربوى - علم |
| 650 | 0 | 4 | _aالتعليم الجامعى |
| 650 | 0 | 4 | _aالجامعات والكليات |
| 942 |
_2ddc _cBK |
||
| 999 |
_c29031 _d29031 |
||